Maximum principles and their applications

Αποθηκεύτηκε σε:
Λεπτομέρειες βιβλιογραφικής εγγραφής
Κύριος συγγραφέας: Sperb, Rene Peter 1943-
Μορφή: Βιβλίο
Γλώσσα:English
Δημοσίευση: New York : Academic Press, 1981
Σειρά:Mathematics in science and engineering ; ; 157
Θέματα:
Ετικέτες: Προσθήκη ετικέτας
Δεν υπάρχουν, Καταχωρήστε ετικέτα πρώτοι!

MARC

LEADER 00000cam a2200000 i 4500
001 1/61956
008 941103s1981 eng d
020 |a 0126568804 
035 |l 10046527 
035 |a 1993  |c ΑΥΓΕΡΙΝΟΣ 
040 |a GR-MY-UA  |b gre  |e aacr 
041 0 |a eng 
082 0 |a 515.353  |2 (19) 
100 1 |a Sperb, Rene Peter  |d 1943- 
245 1 0 |a Maximum principles and their applications /  |c Rene P. Sperb 
260 |a New York :   |b Academic Press,   |c 1981 
300 |a ix, 224 p.;  |b ill.;  |c 24 cm 
490 1 |a Mathematics in science and engineering  |v ; 157 
500 |a Includes index 
504 |a Bibliography: p. 217-221 
650 0 0 |a Differential equations, Partial  |x Numerical solutions. 
650 0 0 |a Maximum principles (Mathematics) 
830 0 |a Mathematics in science and engineering ;  |v ; 157 
852 |a INST  |b SAMOS  |e 19941103  |h 515.353 SPE  |p 005300003120  |q 005300003120  |t BK  |y 0 
909 |a Σ  |b 027720